Normal view
MARC view
- الديانات القديمة- مصر- تاريخ قديم
Entry Topical Term
001 - CONTROL NUMBER
- control field: 57090
003 - CONTROL NUMBER IDENTIFIER
- control field: JO-AjAnu
005 - DATE AND TIME OF LATEST TRANSACTION
- control field: 20230606083342.0
008 - FIXED-LENGTH DATA ELEMENTS
- fixed length control field: 230606|| aca||aabn | a|a d
040 ## - CATALOGING SOURCE
- Original cataloging agency: JO-AjAnu
- Transcribing agency: JO-AjAnu
150 ## - HEADING--TOPICAL TERM
- Topical term or geographic name entry element: الديانات القديمة- مصر- تاريخ قديم
670 ## - SOURCE DATA FOUND
- Source citation: Work cat.: (JO-AjAnu)29130: إرمان، أدولف ؛ ترجمة: عبد المنعم أبو بكر ، محمد أنور شكري, author 57089, ديانة مصر القديمة : نشأتها وتطورها ونهايتها في أربعة الآف سنة